000 01011cab a2200253 4500
001 ABS52307
008 090401t1995 xxu||||| |||| 00| 0 eng d
035 _a(Sirsi) u72267
041 _aeng
245 4 _aThe right to repair and the right to compensation for improvements
260 _c1995
350 _a0
490 _aHA Weekly
_v(398) 10 February 1995, 19-22(3)
520 _aOffers housing associations guidance on how to respond to the Housing Corporation Circular (HC 33/94) on tenants` right to repair and right to compensation for improvements similar to those granted to local authority tenants under the Leasehold Reform, Housing and Urban Development Act 1993.
650 _aCOMPENSATION
650 _aHOUSING ASSOCIATIONS
650 _aHOUSING CORPORATION
650 _aIMPROVEMENTS
650 _aRIGHT TO REPAIR
650 _aTENANTS' RIGHTS
690 _aPROPERTY-RESIDENTIAL PROPERTY-RESIDENTIAL LANDLORD AND TENANT-RESIDENTIAL TENANCIES
942 _n0
948 _c04/03/1997
999 _c45637
_d45637